LEADER 01721nam a2200313 a 4500 001 000000133811 003 CaOOAMICUS 005 20130508113527.0 008 130508s2007 vc a u000 u ita r 040 $aPUL$bita 041 1 $aita$afre$aeng$ager$aspa$apor 082 04$a259 110 2 $aCongregatio pro Episcopis.$0(OLS)http://pul/name/37982 245 10$aMinisterium pacis inter arma :$ba 20 anni dalla Costituzione Apostolica "Spirituali militum curae", atti del V convegno internazionale degli Ordinariati Militari (Cittą del Vaticano, 23-27 ottobre 2006) /$cCongregazione per i Vescovi. 260 $aCittą del Vaticano :$bPastoralis Militum Cura,$c2007. 300 $a263 p. :$bill. ;$c24 cm 500 $aSul front.: edito dall'Ufficio Centrale di Coordinamento Pastorale degli Ordinariati Militari. 504 $aBibliografia in nota. 546 $aTesti tradotti in francese, inglese, tedesco, spagnolo e portoghese. 610 24$aOrdinariato militare.$0(OLS)http://pul/subject/37576 650 4$aMilitari$xCura pastorale.$0(OLS)http://pul/subject/39573 850 $aPUL 852 $aPUL$W1$xDP2 Religione 3$y114$m259 OCCOM 1$j153807$qDDC 21$B153381$CPULBib$Z2$F153381 $H109647 $82 941 1 $a9 960 $aOrdinariato castrense$937576 996 $6082$a259$9(OLS)http://pul/classification/1775 996 $6245$aMinisterium pacis inter arma :$ba 20 anni dalla Costituzione Apostolica "Spirituali militum curae", atti del V convegno internazionale degli Ordinariati Militari (Cittą del Vaticano, 23-27 ottobre 2006)$9(OLS)http://pul/title/169153 996 $6260$aCittą del Vaticano :$bPastoralis Militum Cura$9(OLS)http://pul/publisher/68543 LEADER 01392nam a2200277 a 4500 001 000000152503 003 CaOOAMICUS 005 20160622130337.0 008 160622s1976 mr u000 u por r 032 $aLibriCat 040 $aPUL$bita 100 1 $aNogueira, Joa?o Carlos.$0(OLS)http://pul/name/97137 245 12$aA consciźncia moral na ética tomista e na ética rosminiana /$cJoćo Carlos Nogueira. 260 $aCasa Branca :$b[s.n.],$c1976. 300 $a75 p. ;$c23 cm. 502 $aPars dissertationis ad lauream in facultate philosophiae apud Pontificiam Universitatem S. Thomae de Urbe. 1976. 504 $aBibliografia in nota a pič pagina. 600 14$aRosmini Serbati, Antonio,$cI.D.C.,$d1797-1855$xCritica e interpretazione.$0(OLS)http://pul/subject/898 600 04$aThomas Aquinas,$cs.,$dc. 1225-1274$xCritica e interpretazione.$0(OLS)http://pul/subject/435 710 2 $aPontificia Universitą S. Tommaso.$bFacoltą di filosofia.$kTesi.$0(OLS)http://pul/name/83008 850 $aPUL 852 $aPUL$W1$xDP1 Tesi Pon. Univ. S. Tommaso$y44$mTH S.THOM PH222$j175516$qTesi$B177937$CPULBib$Z2$F177937 $H43480 $81 941 1 $a16 996 $6245$aA consciźncia moral na ética tomista e na ética rosminiana$9(OLS)http://pul/title/191915 996 $6260$aCasa Branca :$b[s.n.]$9(OLS)http://pul/publisher/85118